03012nam a2200469Ia 45000010005000000080041000050200018000460400008000640410008000720410008000800430010000882450026000982600030001243000020001545000043001745201547002175900088017646500026018526500019018786500035018976500029019326500021019616500030019826500031020126500036020436500022020796500017021016500025021186500024021436530029021676550018021966550019022147000043022337000037022769020006023139050006023199110067023259420011023929520101024039990015025046530023025192406230305s1980 xx 000 0 und d a9780915308750 ctbs acat aeng aen_UK 4aThe time of the doves bTaplinger Pub. Co.,c1980 a201 p. ; 22 cm. aTranslation of La plaça del diamant. a"The Time of the Doves," originally written in Catalan as "La plaça del Diamant" by Mercè Rodoreda, is a classic Catalan novel. Here is a summary of the novel in English: "The Time of the Doves" is a powerful novel that tells the story of Natalia, a young woman coming of age during the turbulent years of the Spanish Civil War and its aftermath. Set in Barcelona, the story follows Natalia as she experiences the hardships, sorrows, and upheavals of a war-torn society. Natalia, who is known as Colometa, marries a man named Quimet just before the war begins, and their life together is marked by the political and social unrest of the time. As the war progresses and eventually comes to an end, Colometa's life is deeply affected. She faces the challenges of raising a family and navigating the complexities of life in post-war Spain. The novel delves into the personal and emotional struggles of Colometa, depicting the toll that the war and its aftermath take on her as she tries to find her place in a rapidly changing world. Through her eyes, readers gain a profound understanding of the effects of war on ordinary people, especially women, and the enduring strength required to survive and rebuild in the face of adversity. "The Time of the Doves" is a poignant exploration of the human spirit and resilience in the face of historical turmoil and personal hardship. It is considered a significant work of literature that provides insight into the experiences of the Catalan people during a tumultuous period in Spain's history. bOrig Title Plaça del diamant. English ; Translation of La plaça del diamant. ;  aDiamond Square910601 a Catalan95185 a La plaça del Diamant910603 a Mercè Rodoreda910604 a Barcelona92540 a Gràcia district910605 a Catalan literature910606 a Second Spanish Republic910607 0a Civil war910608 a Novel92183 a Psychologism910610 a Naturalism.922040 aNot so classic (English) aNovels922644 0aFiction922716 aRosenthal, David H.eTranslator922043 aRodoreda, MercèeAuthor910620 a0 am ahttps://biblioteca.tbs-education.es/portadas/9780915308750.jpg a12ddc 00104070aTBSbTBSc26d2019-01-16l1oP-EN RODpB03388r2025-04-03s2025-03-04w2023-03-05y1 c2316d2316 aREADING IN ENGLISH